1956 1180 1550 1767 1182 1884 1649 1945 1191 1608 1999 1988 1201 1105 1061 1559 1149 1509 1566 1509 1247 1669 1958 1831 1376 1011 1637 1105 1355 1748 1795 1435 1045 1643 1219 1359 1544 1364 1642 1651 1633 1393 1662 1108 1710 1434 1162 1447 1813 1819 1241 1499 1205 1287 1057 1866 1600 1961 1757 1278 1924 1970 1582 1293 1506 1426 1289 1532 1789 1341 1756 1536 1465 1616 1565 1687 1607 1575 1072 1582 1980 1325 1934 1763 1675 1569 1311 1786 1602 1998 1297 1655 1341 1091 1098 1993 1683 1347 1173 BCNSPRNW ULIB Ver.6.0+V

เปลี่ยนเป็นภาษาไทย

Change to English
 แสดงรายละเอียดบรรณานุกรม
  กลับหน้าหลัก

Brief Record : Get Marc (ISO 2709) : E-mail record : QR code < ปิดหน้าต่าง
LEADER : 00000nam 2200000uu 4500
001    13399111912
003     ULIB
008    110627s2551||||th 000 0 tha d
020    9789746906197
090    นว.^bพ273ค 2551
100 0  พรรรวดี
245 00 คุณหนูปากร้ายกันนายเก็บกด/^cพรรรวดี
260    กรุงเทพฯ :^bดอกหญ้า,^c2551
300    200 หน้า
945    ^p139^l0^i023621
995    ทศพร
999 ^a ใช้งานได้ทุกระบบ
รายการนี้ยังไม่มีแท็ก
คุณยังไม่ได้ล็อกอิน คุณสามารถมีกิจกรรมร่วมกับเว็บไซต์ได้ แต่ต้องล็อกอินก่อน ::
  ล็อกอิน

รายการสื่อสารสนเทศ

ลำดับที่ ประเภท เลขเรียก/บาร์โค้ด สถานที่ สถานะ
- ไม่พบข้อมูล -

BibComment


ยังไม่เคยถูกคอมเมนท์

คอมเมนท์ทรัพยากรรายการนี้
  คอมเมนท์: คุณหนูปากร้ายกันน..


 Copyright 2026. Bcnsprnw @Library